Portuguese: Time - Statistics

General Stats
  • This quiz has been taken 38 times
    3 since last reset
  • The average score is 54 of 67
Answer Stats
Português English % Correct
Depois After
100%
À tarde Afternoon
100%
Toda a tarde/A tarde toda All afternoon
100%
Todo o dia All day
100%
Toda a manhã All morning
100%
A noite toda/Toda a noite/Toda noite All night
100%
Data Date
100%
Dia Day
100%
Década Decade
100%
Duração Duration
100%
Véspera (also previous day, day before) Eve
100%
Hora Hour
100%
Última noite Last night
100%
Última semana/Semana anterior Last week
100%
Milissegundo/Milésimo de segundo Millisecond
100%
Minuto Minute
100%
Momento Moment
100%
Mês Month
100%
Manhã/Madrugada Morning
100%
Próximo mês/Mês que vem/Mês próximo/Mês seguinte (also following month) Next month
100%
Próxima vez Next time
100%
Próxima semana/Semana que vem/Semana seguinte (also following week) Next week
100%
Próximo ano/Ano que vem/Ano próximo/Ano seguinte (also following year) Next year
100%
Noite Night
100%
Agora Now
100%
Período Period
100%
Presente Present
100%
Segundo Second
100%
Tempo Time
100%
Hoje Today
100%
Amanhã Tomorrow
100%
Amanhã à tarde Tomorrow afternoon
100%
Amanhã de manhã Tomorrow morning
100%
Amanhã à noite Tomorrow night
100%
Hoje à noite/Esta noite/Essa noite Tonight
100%
Semana Week
100%
Dia da semana Weekday
100%
Fim de semana Weekend
100%
Dia de trabalho Workday
100%
Ano Year
100%
Ontem Yesterday
100%
Antes Before
67%
Século Century
67%
Amanhecer/Alvor/Alvorecer/Alvorada Dawn
67%
Entardecer/Anoitecer Dusk
67%
Éon Eon
67%
Época Epoch
67%
Tardinha/Período da tarde/Fim de tarde/Anoitecer (also dusk, dark, sunset) Evening
67%
Futuro/Porvir Future
67%
Mês passado/Último mês/Mês anterior Last month
67%
Última vez Last time
67%
Ano passado/Passado ano/Último ano/Ano que passou/Ano anterior/Ano precedente Last year
67%
Meia-noite Midnight
67%
Milênio/Milênia Millenia
67%
Meio-dia (also midday) Noon
67%
Passado Past
67%
Nascer do sol Sunrise
67%
Pôr do sol/Ocaso (also dusk) Sunset
67%
Hora de dormir Bedtime
33%
Quinzena/Duas semanas Fortnight
33%
Horas extras Overtime
33%
Fuso horário Timezone
33%
Crepúsculo (also dusk, sunset) Twilight
33%
Ano bissexto Leap year
0%
Durante a noite Overnight
0%
Penumbra (also twilight, dark, shade) Penumbra
0%
Intervalo de tempo Timespan
0%
No matching quizzes found
Score Distribution
Percent of People with Each Score
Percentile by Number Answered
Your Score History
You have not taken this quiz since the last reset